Регионална библиотека "Любен Каравелов" - Русе

Седемте култури на капитализма (Запис номер 5908)

MARC детайли
000 -Лидер
Контролно поле с фиксирана дължина 02203nam a2200421 c 4500
003 - Код на организацията, давaща контролен номер
Контролно поле BLK
005 - Дата и час на последна редакция
Контролно поле 20190221175054.0
008 - Елементи от данни с фиксирана дължина
fixed length control field 180412b bul|||||r ||||||| ||bul||
010 ## - Наследен системен номер
LC control number KNG00007118000
020 ## - Международен стандартен номер на книга ISBN
Международен стандартен номер на книга ISBN 954-689-001-4
-- издат.: ТедИна
040 ## - Източник на каталожния запис
Идентификатор на билиотеката - собственик на записа BLK
041 ## - Код за език
Код за езика на текст/звукозапис или на отделно заглавие Български
Код за езика КДБФ Български
080 ## - УДК
Текстов определител УДК Икономическо развитие
УДК код - определител по УДК 330.34
УДК определител
УДК - код + определител 330.34
080 ## - УДК
Текстов определител УДК Управление на стопанството в условията на пазарно стопанство
УДК код - определител по УДК 338.242
УДК определител
УДК - код + определител 338.242
080 ## - УДК
Текстов определител УДК Етика на бизнеса. Успех
УДК код - определител по УДК 174.4
УДК определител
УДК - код + определител 174.4
100 1# - Редна дума - Автор
Автор Хемпдън-Търнър, Чарлз
Авторска отговорност първи автор
R(LIN) 136756
139 ## - Редно поле
Редна дума Хемпдън-Търнър, Чарлз и др.
Авторски знак Хем - Х 41
245 10 - Сведения за заглавието
Заглавие Седемте култури на капитализма
Подзаглавни данни Ценностни системи за забогатяване в САЩ, Япония, Германия, Франция, Великобритания, Швеция, Холандия
Редно поле (дума) Чарлз Хемпдън-Търнър; съавт. Алфонс Тромпенаарс; прев. от англ. Нина Мартинова.
257 ## - Страна на издаване
Страна на създаване/издаване Великобритания
260 ## - Област на издателските данни
-- Варна
Име на издателя, разпространителя и проч. ТедИна
Година на издаване 1995
300 ## - Физическа характеристика
Страници 364 с.
Илюстрации и др. със сх., табл.
Размери/Мащаб 24 см
380 ## - Жанр
Жанр Обществени науки
500 ## - Общи забележки
Забележка Ориг. загл. The seven cultures of capitalism / Charles Hamden-Turner, Alfons Trompenaars ; 4 000 тир. - Библиогр. с. 334-344.
504 ## - Забележка за наличие на библиография и др
Забележка за наличие на библиография и под. 334-344
650 #4 - Допълнително описание по предмет – тема
Основно описание – тема или топоним Икономическо развитие - капиталистически страни - влияние на културните традиции
9 (RLIN) 250783
650 #4 - Допълнително описание по предмет – тема
Основно описание – тема или топоним Стопанство - управление
9 (RLIN) 244936
650 #4 - Допълнително описание по предмет – тема
Основно описание – тема или топоним Управление - стопанство
9 (RLIN) 244937
650 #4 - Допълнително описание по предмет – тема
Основно описание – тема или топоним Бизнес - етични проблеми
9 (RLIN) 243750
653 ## - Ключова дума – ненормативна
Ключова дума стопанско управление
653 ## - Ключова дума – ненормативна
Ключова дума бизнес
700 1# - Други автори (авторска отговорност)
Лично име Тромпенаарс, Алфонс
Автороска отговорност (Описва отношението между автора и произведението) съавт.
9 (RLIN) 131533
700 1# - Други автори (авторска отговорност)
Лично име Мартинова, Нина
Автороска отговорност (Описва отношението между автора и произведението) прев. от англ.
9 (RLIN) 250782
852 ## - Местоположение
Форматна сигнатура Цб 182685
856 4# - Електронен адрес и достъп
Електронен формат pdf - файл
Път до файла /url/
856 4# - Електронен адрес и достъп
Електронен формат pdf - файл
Път до файла /url/
942 ## - АРТИКУЛИ
Вид на библиотечния материал Книги
Скрит в OPAC Не
Koha issues (borrowed), all copies 4
944 ## - СЪЗДАВАНЕ И РЕДАКЦИЯ на ЗАПИСА
Създаване/Редакция Създаване
Дата на регистрацията/редакция 15.01.2003
Служител, извършил регистрацията/редакцията Кети_Илиева
944 ## - СЪЗДАВАНЕ И РЕДАКЦИЯ на ЗАПИСА
Създаване/Редакция Редакция
Дата на регистрацията/редакция 13.09.2005
Служител, извършил регистрацията/редакцията
999 ## - СИСТЕМНИ КОНТРОЛНИ НОМЕРА
Koha biblionumber 5908
Koha biblioitemnumber 5908
Наличности
Код за отписване Код за изгубен артикул Източник на класификационната схема Код за повреда Коз за рестрикции Код за отдаване Артикулен № Име на библиотеката - собственик Име на библиотеката, в която се намира в момента Статус (Текущо местоположение) Дата на вписване в системата Местоположение - отдел Цена в лева Инвентарен номер Систематично азбучна сигнатура Баркод Номер на екземпляра Цена в евро Служебна бележка Служебен тип на артикула
Изтеглен Не е изгубен Universal Decimal Classification Не е повреден без рестрикции ползва се в читалня 10393 Регионална библиотека "Любен Каравелов" Русе Регионална библиотека "Любен Каравелов" Русе Читалня 2001-01-01 Читалня 1.98 611273 Ч 330/Х 41 611273 1 1.01 Дост: Pk Вид: Ф N: стар фонд Дата: 01.01.1995 Дата инв: 22.03.2017 Бележки инв: Ч2017 Книги
  Не е изгубен Universal Decimal Classification Не е повреден без рестрикции ползва се в читалня 10394 Регионална библиотека "Любен Каравелов" Русе Регионална библиотека "Любен Каравелов" Русе Хранилище 2001-01-01 Хранилище 0.00 612251 Цб 182685 120000612251 2 0.00 Дост: Dp Вид: Д N: стар фонд Дата: 01.01.1995 Дата инв: 04.11.2014 Бележки инв: Цб2014 Книги
Изтеглен Не е изгубен Universal Decimal Classification Не е повреден без рестрикции заемане за дома 10395 Регионална библиотека "Любен Каравелов" Русе Регионална библиотека "Любен Каравелов" Русе Заемна - подръчен фонд 2003-11-20 Заемна - подръчен фонд 2.20 120000680242 П 330/Х 41 120000680242 3 1.12 Дост: DA Вид: А N: 29 Дата: 19.11.2003 Дата инв: 05.02.2018 Бележки инв: П2018 Книги
Vip Innovations Ltd, Rousse, Bulgaria 2025